000 01180nam0a22002651 4500
001 rc\518644
005 20250621115123.0
035 _a(NLR Aleph) 005757919
090 _a4909183
_c4909183
100 _a20030616d1988 |||y0rusy50 ca
101 0 _arus
102 _aRU
105 _aa |||||||||
200 1 _aОсобенности высокоточного нивелирования на геодинамических полигонах
_dCharacteristics of precise levellings on geodynamic test-areas
_e[Сб. ст.]
_fАН СССР, Сов. геофиз. ком., АН ЭССР, Ин-т астрофизики и физики атмосферы
_g[Редкол.: С.В. Энман (отв. ред.) и др.]
210 _aТаллин
_cБ. и.
_d1988
215 _a63 с.
_cил.
_d20
320 _aБиблиогр. в конце ст.
510 0 _aCharacteristics of precise levellings on geodynamic test-areas
702 1 _aЭнман
_bС.В.
_4340
712 0 2 _aМеждуведомственный геофизический ком.
_cМосква
801 0 _aRU
_bNLR
_gpsbo
801 1 _aRU
_bELAR
_2rusmarc
852 _aNLR
_j88-4/15564
942 _cBOOK
980 _aNB